[Event "Rilton Cup 42nd"]
[Site "Stockholm"]
[Date "2013.01.03"]
[Round "7"]
[White "Annenkov, Kirill"]
[Black "Eriksen, Magnus"]
[Result "1-0"]
[WhiteElo "2226"]
[BlackElo "2109"]
[PlyCount "72"]
[EventDate "2012.12.27"]
[EventType "swiss"]
[EventRounds "9"]
[EventCountry "SWE"]
[SourceTitle "CBM 152 Extra"]
[Source "ChessBase"]
[SourceDate "2013.02.25"]
[SourceVersion "1"]
[SourceVersionDate "2013.02.25"]
[SourceQuality "1"]

1. Nf3 Nf6 2. c4 g6 3. Nc3 Bg7 4. d4 d5 5. e3 0-0 6. Be2 e6 7. 0-0 b6 8. b4 c5 9. bxc5 bxc5 10. Ba3 Qa5 11. Qc1 Nbd7 12. Nd2 Ba6 13. Nb3 Qc7 14. cxd5 Bxe2 15. Nxe2 Nxd5 16. Nxc5 Rfc8 17. Nxd7 Qxd7 18. Qd2 Qa4 19. Bc5 Rxc5 20. dxc5 Bxa1 21. Rxa1 Rc8 22. Rc1 Qb4 23. Qc2 a5 24. g3 a4 25. Nd4 a3 26. Nb3 h5 27. h4 Qg4 28. Qd3 Nb4 29. Qd2 e5 30. Na5 Qe4 31. c6 Kg7 32. Qd7 Nxa2 33. Ra1 Nc3 34. Qxc8 a2 35. Qb7 Ne2+ 36. Kh2 Nxg3 1-0

[Event "NOR-chT Clubs"]
[Site "Fagernes"]
[Date "2012.06.09"]
[Round "3"]
[White "Gyldenas, Ole Jorn"]
[Black "Eriksen, Magnus"]
[Result "0-1"]
[WhiteElo "2009"]
[BlackElo "2102"]
[PlyCount "74"]
[EventDate "2012.06.08"]
[EventType "team-swiss"]
[EventRounds "6"]
[EventCountry "NOR"]
[SourceTitle "CBM 148 Extra"]
[Source "ChessBase"]
[SourceDate "2012.06.22"]
[SourceVersion "1"]
[SourceVersionDate "2012.06.22"]
[SourceQuality "1"]
[WhiteTeam "Nordstrand"]
[BlackTeam "Alta"]
[WhiteTeamCountry "NOR"]
[BlackTeamCountry "NOR"]

1. c4 Nf6 2. Nc3 g6 3. Nf3 Bg7 4. d4 0-0 5. e4 d6 6. Be2 e5 7. Be3 Nh5 8. dxe5 dxe5 9. Qxd8 Rxd8 10. Nd5 Na6 11. 0-0-0 Bg4 12. c5 Nf4 13. Bxf4 exf4 14. Bxa6 bxa6 15. Nxc7 Rxd1+ 16. Rxd1 Rc8 17. Nxa6 Bf8 18. b4 Be6 19. Rd4 Be7 20. Kc2 Kg7 21. a4 g5 22. h3 h5 23. Nd2 Bf6 24. Rd3 Be7 25. f3 Kf8 26. e5 Bf5 27. Ne4 g4 28. hxg4 hxg4 29. Rd4 f6 30. e6 g3 31. Kd1 Bh3 32. Nd2 Bxg2 33. Rxf4 Bh3 34. Ke1 f5 35. b5 Bg5 36. Rd4 g2 37. Kf2 Be3+ 0-1

[Event "Gibraltar Challengers-A 10th"]
[Site "Caleta"]
[Date "2012.01.27"]
[Round "5"]
[White "Rowe, Duane"]
[Black "Eriksen, Magnus"]
[Result "1-0"]
[WhiteElo "2236"]
[BlackElo "2076"]
[PlyCount "75"]
[EventDate "2012.01.23"]
[EventType "swiss"]
[EventRounds "5"]
[EventCountry "GGB"]
[SourceTitle "CBM 146 Extra"]
[Source "ChessBase"]
[SourceDate "2012.02.29"]
[SourceVersion "1"]
[SourceVersionDate "2012.02.29"]
[SourceQuality "1"]

1. e4 c5 2. Nc3 d6 3. g3 Nc6 4. Bg2 g6 5. Nge2 Bg7 6. 0-0 e6 7. d3 Nge7 8. Be3 Nd4 9. h4 0-0 10. h5 e5 11. h6 Bh8 12. Qd2 Be6 13. f4 Qd7 14. f5 gxf5 15. Bxd4 cxd4 16. Qg5+ Ng6 17. exf5 dxc3 18. bxc3 d5 19. fxe6 fxe6 20. Bh3 Rxf1+ 21. Rxf1 Rf8 22. Rxf8+ Kxf8 23. Qg4 Kf7 24. c4 Bf6 25. Kh2 Qc6 26. Bg2 Qc5 27. cxd5 exd5 28. c4 dxc4 29. dxc4 Qf2 30. Qe4 b6 31. Qd5+ Kf8 32. Qa8+ Kf7 33. Qb7+ Be7 34. Qd5+ Kf8 35. Ng1 Qxa2 36. Kh1 Bc5 37. Qd8+ Kf7 38. Bd5# 1-0

[Event "Gibraltar Masters 10th"]
[Site "Caleta"]
[Date "2012.01.24"]
[Round "1"]
[White "Conflitti, Alessandro"]
[Black "Eriksen, Magnus"]
[Result "1-0"]
[WhiteElo "1792"]
[BlackElo "2076"]
[PlyCount "83"]
[EventDate "2012.01.24"]
[EventType "swiss"]
[EventRounds "10"]
[EventCountry "GGB"]
[SourceTitle "CBM 147"]
[Source "ChessBase"]
[SourceDate "2012.03.16"]
[SourceVersion "1"]
[SourceVersionDate "2012.03.16"]
[SourceQuality "1"]

1. e4 c5 2. Nf3 d6 3. Bb5+ Bd7 4. a4 Nc6 5. 0-0 Nf6 6. Re1 e6 7. c3 a6 8. Bf1 e5 9. h3 Be7 10. d4 0-0 11. d5 Nb8 12. Nxe5 dxe5 13. d6 Bc6 14. dxe7 Qxe7 15. Bg5 Nbd7 16. Nd2 Rfd8 17. Qb3 h6 18. Bh4 Nf8 19. Nc4 Ng6 20. Bxf6 Qxf6 21. Nb6 Rab8 22. Nd5 Qg5 23. Rad1 Bxd5 24. exd5 Qf6 25. c4 Rd7 26. Qg3 Re8 27. Bd3 Nf4 28. Qg4 Rd6 29. g3 Nxd3 30. Rxd3 g6 31. Rde3 Kg7 32. Qe2 Rb6 33. Rf1 e4 34. Rxe4 Rxe4 35. Qxe4 Rxb2 36. Qe3 b6 37. Rd1 Kh7 38. d6 Qd8 39. Qe7 Qa8 40. Qxf7+ Kh8 41. Qf6+ Kh7 42. Qxb2 1-0

[Event "London Classic op"]
[Site "London"]
[Date "2011.12.06"]
[Round "4"]
[White "Eriksen, Magnus"]
[Black "Stone, Andrew"]
[Result "0-1"]
[WhiteElo "2063"]
[BlackElo "2234"]
[PlyCount "116"]
[EventDate "2011.12.03"]
[EventType "swiss"]
[EventRounds "9"]
[EventCountry "ENG"]
[SourceTitle "CBM 145 Extra"]
[Source "ChessBase"]
[SourceDate "2012.01.03"]
[SourceVersion "1"]
[SourceVersionDate "2012.01.03"]
[SourceQuality "1"]

1. Nf3 e6 2. g3 c5 3. Bg2 Nc6 4. 0-0 g6 5. d4 cxd4 6. Nxd4 a6 7. c4 Bg7 8. Nxc6 bxc6 9. Nc3 Ne7 10. e4 0-0 11. Bf4 a5 12. Bd6 Ba6 13. Qd3 Re8 14. Rfd1 Nc8 15. Bc5 d5 16. b3 Nb6 17. Rac1 Nd7 18. Ba3 d4 19. Na4 Qc7 20. Qc2 Rad8 21. Nb2 c5 22. Nd3 Bb7 23. Rb1 Bf8 24. Bc1 e5 25. Re1 Qc6 26. Bd2 Ra8 27. a4 Ra6 28. Re2 Qb6 29. Qd1 Qa7 30. Qe1 Qa8 31. Bh3 Nf6 32. Bg2 Nh5 33. Bc1 Ng7 34. Ba3 Qc8 35. Qd2 Qc7 36. Qc2 Bc8 37. Rbe1 Bg4 38. f3 Bd7 39. Rb1 Rb8 40. Rb2 Rba8 41. Re1 Ne6 42. Rbb1 h5 43. Rb2 Kh7 44. h4 Be7 45. Bh3 Nf8 46. Bxd7 Nxd7 47. Kg2 Kg7 48. Qd1 Qb7 49. Nc1 g5 50. hxg5 Bxg5 51. Rh1 Rh8 52. Nd3 Qc7 53. Kf1 Be7 54. Rbh2 Nf6 55. g4 h4 56. Rxh4 Rxh4 57. Rxh4 Nxe4 58. Rh5 Ng3+ 0-1

[Event "Oslo op ELO"]
[Site "Oslo"]
[Date "2011.10.02"]
[Round "4"]
[White "Eriksen, Magnus"]
[Black "Khudovekov, Stanislav"]
[Result "1-0"]
[WhiteElo "2028"]
[BlackElo "2118"]
[PlyCount "51"]
[EventDate "2011.10.02"]
[EventType "swiss"]
[EventRounds "9"]
[EventCountry "NOR"]
[SourceTitle "EXT 2023"]
[Source "ChessBase"]
[SourceDate "2022.10.05"]
[SourceVersion "1"]
[SourceVersionDate "2022.10.05"]
[SourceQuality "1"]

1. e4 d5 2. exd5 Qxd5 3. Nc3 Qd8 4. d4 g6 5. Bf4 Bg7 6. Qd2 c6 7. 0-0-0 Nf6 8. Bh6 0-0 9. h4 b5 10. f3 b4 11. Ne4 Qd5 12. Kb1 Nxe4 13. fxe4 Bxh6 14. Qxh6 Qxe4 15. h5 Bf5 16. Bd3 Qg4 17. Nf3 f6 18. hxg6 Qxg6 19. Qf4 Bxd3 20. Rxd3 Nd7 21. Nh4 Qh5 22. Rg3+ Kf7 23. Rg7+ Ke8 24. Rxe7+ Kd8 25. Qd6 Qg4 26. Rxd7+ 1-0

[Event "Fagernes Norsk op-A"]
[Site "Fagernes"]
[Date "2011.04.17"]
[Round "6"]
[White "Eriksen, Magnus"]
[Black "Vaarala, Eric"]
[Result "0-1"]
[WhiteElo "2002"]
[BlackElo "2167"]
[PlyCount "75"]
[EventDate "2011.04.17"]
[EventType "swiss"]
[EventRounds "9"]
[EventCountry "NOR"]
[SourceTitle "CBM 141 Extra"]
[Source "ChessBase"]
[SourceDate "2011.05.03"]
[SourceVersion "1"]
[SourceVersionDate "2011.05.03"]
[SourceQuality "1"]

1. d4 d5 2. c4 c6 3. Nf3 e6 4. e3 f5 5. Bd3 Nf6 6. 0-0 Bd6 7. b3 Qe7 8. Bb2 0-0 9. Qc1 Bd7 10. Ba3 Be8 11. cxd5 cxd5 12. Bxd6 Qxd6 13. Qa3 Qxa3 14. Nxa3 Nc6 15. Rfc1 a6 16. Nc2 Ne4 17. Ne5 f4 18. Nxc6 Bxc6 19. Nb4 fxe3 20. fxe3 Bb5 21. Bxb5 axb5 22. Rc7 Nd6 23. Rac1 Nf5 24. R1c3 Rf7 25. Rxf7 Kxf7 26. g4 Nd6 27. Rc7+ Kf6 28. h4 h5 29. g5+ Kg6 30. Rd7 Nf5 31. Rxb7 Nxh4 32. Rxb5 Nf3+ 33. Kf2 Nxg5 34. a4 h4 35. Nd3 h3 36. Nf4+ Kf5 37. Kg3 Rc8 38. b4 0-1

[Event "Arctic Chess Challenge"]
[Site "Tromsoe"]
[Date "2010.08.02"]
[Round "3"]
[White "Eriksen, Magnus"]
[Black "Grotnes, Nils Ragnar"]
[Result "1-0"]
[WhiteElo "1961"]
[BlackElo "2219"]
[PlyCount "49"]
[EventDate "2010.07.31"]
[EventType "swiss"]
[EventRounds "9"]
[EventCountry "NOR"]
[SourceTitle "CBM 137 Extra"]
[Source "ChessBase"]
[SourceDate "2010.09.01"]
[SourceVersion "1"]
[SourceVersionDate "2010.09.01"]
[SourceQuality "1"]

1. e4 e5 2. Nf3 Nc6 3. Bb5 a6 4. Ba4 Nf6 5. Qe2 Be7 6. 0-0 b5 7. Bb3 0-0 8. c3 d6 9. Rd1 Na5 10. Bc2 c5 11. d4 Qc7 12. d5 Bd7 13. Nbd2 Nh5 14. Nf1 Nf4 15. Bxf4 exf4 16. e5 g6 17. e6 fxe6 18. dxe6 Bc6 19. h4 Bf6 20. h5 g5 21. N1h2 Be8 22. Qe4 Bxh5 23. Rxd6 Rad8 24. e7 Qxe7 25. Rxf6 1-0